Normal view
MARC view
Entry Personal Name
001 - CONTROL NUMBER
- control field: 47854
003 - CONTROL NUMBER IDENTIFIER
- control field: dpl
005 - DATE AND TIME OF LATEST TRANSACTION
- control field: 20120524135954.0
008 - FIXED-LENGTH DATA ELEMENTS
- fixed length control field: 120524|||a|||||| | ||| d
040 ## - CATALOGING SOURCE
- Original cataloging agency: dpl
- Transcribing agency: dpl
100 ## - HEADING--PERSONAL NAME
- Personal name: वैब्स्टर, डेविड
670 ## - SOURCE DATA FOUND
- Source citation: Work cat.: (dpl)66910: वैब्स्टर, डेविड, बुद्दि के प्रयोग / , 2007
670 ## - SOURCE DATA FOUND
- Source citation: Work cat.: (dpl)66910: वैब्स्टर, डेविड, बुद्दि के प्रयोग / , 2007
